00788cam a2200241 i 4500001000300000003000900003005001700012008004100029015001700070020001500087040003500102080000700137080001200144100004200156245007600198260003300274300004900307504001400356655003000370650001600400710003200416856009800448bgKOSZ 00520191009080843.0020204s2001 pl a f |000 0 pol  aPB 2002/2394 a8321342256 aWA NcKOSZ 005/HRdKOSZ 005/HR a69 a(075.8)1 aMielczarek, Zbigniewd(1931- )eAutor10aNowoczesne konstrukcje w budownictwie ogólnym /cZbigniew Mielczarek. aWarszawa :b"Arkady",c2001. a512 s., [8] s. tabl. kolor. :bil. ;c25 cm. aBibliogr. 4aPodręczniki akademickie 4aBudownictwo2 aWydawnictwo "Arkady".4pbl. uhttp://koha.tu.koszalin.pl/cgi-bin/koha/opac-detail.pl?biblionumber=41605yKatalog online BPK